000 00268nam a2200109Ia 4500
008 190914s9999||||xx |||||||||||||| ||und||
100 _aWarren.J Keegan
245 0 _aPrinciples of Global Marketing
260 _aNew york
_bPrentice
_c1995
300 _a210
942 _cBK
999 _c8716
_d8716